[Event "HUN-chT2 Szechenyi 1819"]
[Site "Hungary"]
[Date "2019.04.28"]
[Round "9.9"]
[White "Szabo Thomka, Daniel"]
[Black "Gal, Cintia"]
[Result "1-0"]
[WhiteElo "1849"]
[BlackElo "1696"]
[PlyCount "75"]
[EventDate "2018.10.28"]
[EventType "team-tourn"]
[EventRounds "9"]
[EventCountry "HUN"]
[SourceTitle "EXT 2021"]
[Source "ChessBase"]
[SourceDate "2020.10.23"]
[SourceVersion "1"]
[SourceVersionDate "2020.10.23"]
[SourceQuality "1"]
[WhiteTeam "Gyor Szechenyi II"]
[BlackTeam "Sarvar"]
[WhiteTeamCountry "HUN"]
[BlackTeamCountry "HUN"]

1. e4 e5 2. Nf3 Nc6 3. Bb5 a6 4. Ba4 Nf6 5. 0-0 d6 6. h3 Be7 7. Re1 0-0 8. c3 b5 9. Bc2 Bb7 10. d4 exd4 11. cxd4 Nb4 12. Bf4 Nxc2 13. Qxc2 Bxe4 14. Rxe4 Nxe4 15. Qxe4 Re8 16. Qc6 Bf6 17. Nc3 Ra7 18. Nd5 Qa8 19. Qxa8 Rexa8 20. Rc1 Bd8 21. Nd2 h6 22. Ne4 Kf8 23. Ng3 Rb7 24. Nf5 a5 25. Nxc7 Bxc7 26. Rxc7 Rxc7 27. Bxd6+ Kg8 28. Bxc7 a4 29. d5 g6 30. d6 gxf5 31. d7 Kf8 32. d8Q+ Rxd8 33. Bxd8 Ke8 34. Ba5 h5 35. Kh2 Ke7 36. Kg3 Kf6 37. Kf4 Kg6 38. Ke5 1-0

[Event "HUN-chT2 Szechenyi 1819"]
[Site "Hungary"]
[Date "2019.03.31"]
[Round "8.9"]
[White "Gal, Cintia"]
[Black "Guzs, Laszlo"]
[Result "0-1"]
[WhiteElo "1696"]
[BlackElo "1913"]
[PlyCount "56"]
[EventDate "2018.10.28"]
[EventType "team-tourn"]
[EventRounds "9"]
[EventCountry "HUN"]
[SourceTitle "EXT 2021"]
[Source "ChessBase"]
[SourceDate "2020.10.23"]
[SourceVersion "1"]
[SourceVersionDate "2020.10.23"]
[SourceQuality "1"]
[WhiteTeam "Sarvar"]
[BlackTeam "Gyor Elektromos"]
[WhiteTeamCountry "HUN"]
[BlackTeamCountry "HUN"]

1. e4 c5 2. Nf3 d6 3. Bb5+ Bd7 4. Bxd7+ Qxd7 5. 0-0 Nc6 6. d4 cxd4 7. Nxd4 Nf6 8. Re1 e6 9. Bg5 Be7 10. Nxc6 Qxc6 11. Nc3 0-0 12. Re3 Rfd8 13. Bxf6 Bxf6 14. Qg4 Qb6 15. Nd1 Rac8 16. c3 Be7 17. Rg3 Bf8 18. Rh3 Rc5 19. b4 Re5 20. Ne3 Rc8 21. Nf1 d5 22. Nd2 Be7 23. exd5 Rxd5 24. Nc4 Qc7 25. Nb2 Bf6 26. Nd1 Rcd8 27. Rc1 g6 28. Rh6 Bg5 0-1

[Event "HUN-chT2 Szechenyi 1718"]
[Site "Hungary"]
[Date "2017.10.29"]
[Round "1.11"]
[White "Barasits, Tibor"]
[Black "Gal, Cintia"]
[Result "0-1"]
[WhiteElo "1639"]
[BlackElo "1682"]
[PlyCount "60"]
[EventDate "2017.10.29"]
[EventType "team-tourn"]
[EventRounds "9"]
[EventCountry "HUN"]
[SourceTitle "EXT 2021"]
[Source "ChessBase"]
[SourceDate "2020.10.23"]
[SourceVersion "1"]
[SourceVersionDate "2020.10.23"]
[SourceQuality "1"]
[WhiteTeam "Arboretum"]
[BlackTeam "Sarvar"]
[WhiteTeamCountry "HUN"]
[BlackTeamCountry "HUN"]

1. e4 e5 2. Nf3 Nc6 3. d4 exd4 4. Nxd4 Qf6 5. c3 Bc5 6. Be3 a6 7. Qf3 Nxd4 8. Qxf6 Nc2+ 9. Kd2 Bxe3+ 10. Kxc2 Nxf6 11. fxe3 Nxe4 12. Bd3 Nf6 13. Nd2 d6 14. e4 Be6 15. Rae1 Nd7 16. Nf3 0-0-0 17. e5 d5 18. Ng5 h6 19. Nxe6 fxe6 20. Re2 Rhf8 21. Rhe1 Rf4 22. g3 Rf3 23. b4 Rdf8 24. c4 c6 25. cxd5 cxd5 26. Kc3 Kd8 27. Kd4 Nb8 28. Re3 Nc6+ 29. Kc5 Kc7 30. a4 b6# 0-1

[Event "HUN-chT2 Szechenyi 1516"]
[Site "Hungary"]
[Date "2015.09.13"]
[Round "1.11"]
[White "Koltai, Anna"]
[Black "Gal, Cintia"]
[Result "0-1"]
[WhiteElo "1536"]
[BlackElo "1687"]
[PlyCount "54"]
[EventDate "2015.09.13"]
[EventType "team-tourn"]
[EventRounds "11"]
[EventCountry "HUN"]
[SourceTitle "CBM 170 Extra"]
[Source "ChessBase"]
[SourceDate "2016.02.25"]
[SourceVersion "1"]
[SourceVersionDate "2016.02.25"]
[SourceQuality "1"]
[WhiteTeam "Tapolca Kolcsey"]
[BlackTeam "Sarvar"]
[WhiteTeamCountry "HUN"]
[BlackTeamCountry "HUN"]

1. e4 e5 2. Nf3 Nc6 3. d4 exd4 4. Nxd4 Nxd4 5. Qxd4 Qf6 6. Qe3 b6 7. Bd3 Bc5 8. Qe2 Ne7 9. 0-0 0-0 10. Nc3 Bb7 11. Be3 Bxe3 12. Qxe3 Qg6 13. f4 f5 14. Qe2 Rae8 15. Rae1 Kh8 16. Qd2 fxe4 17. Bxe4 Bxe4 18. Nxe4 Nc6 19. Ng5 h6 20. Nh3 Qf5 21. Kh1 Ne7 22. Ng1 Ng6 23. Ne2 Qg4 24. h3 Qh4 25. f5 Ne7 26. Qxd7 Nxf5 27. Qxc7 Rxe2 0-1

[Event "HUN-chT2 Szechenyi 1112"]
[Site "Hungary"]
[Date "2011.11.27"]
[Round "4.11"]
[White "Vincze, Otto"]
[Black "Gal, Cintia"]
[Result "0-1"]
[WhiteElo "1906"]
[BlackElo "1634"]
[PlyCount "70"]
[EventDate "2011.09.25"]
[EventType "team-tourn"]
[EventRounds "11"]
[EventCountry "HUN"]
[SourceTitle "EXT 2013"]
[Source "ChessBase"]
[SourceDate "2012.11.22"]
[SourceVersion "1"]
[SourceVersionDate "2012.11.22"]
[SourceQuality "1"]
[WhiteTeam "Ajka Banyasz"]
[BlackTeam "Sarvar"]
[WhiteTeamCountry "HUN"]
[BlackTeamCountry "HUN"]

1. e4 e5 2. Nf3 Nc6 3. Bc4 Bc5 4. 0-0 Nf6 5. c3 d6 6. d4 Bb6 7. d5 Ne7 8. Bd3 Bg4 9. h3 Bh5 10. Bg5 Rg8 11. Nbd2 h6 12. Bxf6 gxf6 13. Qb3 Qc8 14. Kh2 Ng6 15. g3 Bg4 16. Ng1 Bd7 17. Qc2 h5 18. h4 Ke7 19. Nc4 Be8 20. Be2 c6 21. dxc6 Bxc6 22. Rad1 Bc7 23. Ne3 Qd7 24. Nf5+ Kf8 25. f3 Ne7 26. Nxe7 Kxe7 27. f4 exf4 28. gxf4 Rg7 29. Bf3 Rag8 30. Qe2 Kf8 31. Rf2 d5 32. exd5 Bxf4+ 33. Kh1 Bb5 34. c4 Bxc4 35. Qc2 Bd3 0-1

[Event "HUN-chT U18"]
[Site "Miskolc"]
[Date "2011.11.04"]
[Round "5.4"]
[White "Gal, Cintia"]
[Black "Papp, Levente"]
[Result "0-1"]
[WhiteElo "1634"]
[BlackElo "1796"]
[PlyCount "100"]
[EventDate "2011.11.02"]
[EventType "team-swiss"]
[EventRounds "8"]
[EventCountry "HUN"]
[SourceTitle "EXT 2012"]
[Source "ChessBase"]
[SourceDate "2011.11.24"]
[SourceVersion "1"]
[SourceVersionDate "2011.11.24"]
[SourceQuality "1"]
[WhiteTeam "Sarvar"]
[BlackTeam "Miskolc"]
[WhiteTeamCountry "HUN"]
[BlackTeamCountry "HUN"]

1. e4 e6 2. d4 d5 3. e5 c5 4. c3 Nc6 5. Nf3 Bd7 6. Be2 Qb6 7. 0-0 cxd4 8. cxd4 Nh6 9. Nc3 Nf5 10. Na4 Qc7 11. Bf4 Be7 12. Rc1 0-0 13. Bd3 Qd8 14. Bxf5 exf5 15. Nc3 Be6 16. a3 Na5 17. Rb1 a6 18. Re1 b5 19. b4 Nc4 20. Qc1 Qd7 21. Rb3 Rfb8 22. Ne2 a5 23. Bg5 Bf8 24. h4 h6 25. Bf4 Kh7 26. Nc3 Rc8 27. Qb1 g6 28. Na2 axb4 29. axb4 Na3 30. Qd3 Nc2 31. Nc3 Nxe1 32. Nxe1 Rc4 33. Nc2 Rac8 34. Bd2 f4 35. Na3 Rb8 36. Qb1 Rxd4 37. Qb2 f3 38. g3 Rg4 39. Ncxb5 Rxb5 40. Nxb5 Qxb5 41. Rxf3 d4 42. h5 Qxe5 43. hxg6+ Rxg6 44. Qa3 Bd5 45. Rf4 Qh5 46. Kf1 Qd1+ 47. Be1 Bc4+ 48. Kg2 Qxe1 49. Qa7 Bd5+ 50. f3 Rxg3+ 0-1

[Event "HUN-chT U18"]
[Site "Miskolc"]
[Date "2011.11.03"]
[Round "2.4"]
[White "Szabo, Csanad"]
[Black "Gal, Cintia"]
[Result "1-0"]
[WhiteElo "1891"]
[BlackElo "1634"]
[PlyCount "63"]
[EventDate "2011.11.02"]
[EventType "team-swiss"]
[EventRounds "8"]
[EventCountry "HUN"]
[SourceTitle "EXT 2012"]
[Source "ChessBase"]
[SourceDate "2011.11.24"]
[SourceVersion "1"]
[SourceVersionDate "2011.11.24"]
[SourceQuality "1"]
[WhiteTeam "Mako"]
[BlackTeam "Sarvar"]
[WhiteTeamCountry "HUN"]
[BlackTeamCountry "HUN"]

1. d4 d5 2. Nf3 e6 3. c4 Nf6 4. cxd5 Nxd5 5. e4 Nf6 6. Nc3 Bb4 7. Qc2 0-0 8. Bd3 Nc6 9. e5 Ne8 10. Be3 h6 11. 0-0 Ba5 12. a3 a6 13. Ne4 Bb6 14. Nc5 Ne7 15. Rac1 Nd5 16. Na4 Ba7 17. Bd2 c6 18. Nc3 Nec7 19. Ne4 Nb5 20. Be3 Ne7 21. Bxb5 axb5 22. Bxh6 Nf5 23. Bg5 f6 24. exf6 gxf6 25. Bf4 Nxd4 26. Nxd4 Qxd4 27. Rfd1 Qa4 28. b3 Qa5 29. Rd3 f5 30. Rg3+ Kf7 31. Nd6+ Ke7 32. Rg7+ 1-0

[Event "HUN-ch U16 Girls"]
[Site "Celldoemoelk"]
[Date "2011.07.03"]
[Round "7"]
[White "Gal, Cintia"]
[Black "Szente Varga, Fruzsina"]
[Result "0-1"]
[WhiteElo "1657"]
[BlackElo "1971"]
[PlyCount "74"]
[EventDate "2011.06.27"]
[EventType "tourn"]
[EventRounds "7"]
[EventCountry "HUN"]
[SourceTitle "EXT 2012"]
[Source "ChessBase"]
[SourceDate "2011.11.24"]
[SourceVersion "1"]
[SourceVersionDate "2011.11.24"]
[SourceQuality "1"]

1. e4 Nf6 2. Nc3 d5 3. e5 Nfd7 4. d4 e6 5. a3 c5 6. Be3 Nc6 7. Nf3 a6 8. Ne2 cxd4 9. Bxd4 Qc7 10. Bc3 Ndxe5 11. Nxe5 Nxe5 12. Ng3 f6 13. Qh5+ Ng6 14. Bd3 Qf7 15. 0-0-0 Bd7 16. Rhe1 0-0-0 17. Ne2 Ne5 18. Qh3 Nxd3+ 19. Qxd3 Bd6 20. Ba5 Rde8 21. h3 Kb8 22. Qb3 Rc8 23. Kb1 Rhe8 24. Rd2 Bc6 25. Nd4 Qd7 26. Ka1 Bc7 27. Bb4 Ba4 28. Qd3 Bf4 29. Rde2 e5 30. Nf5 Bb5 31. Qd1 Bxe2 32. Rxe2 Qxf5 33. Qxd5 Rxc2 34. Rxc2 Qxc2 35. Qd7 Rc8 36. g3 Bc1 37. Bc3 Rxc3 0-1

[Event "HUN-ch U16 Girls"]
[Site "Celldoemoelk"]
[Date "2011.06.29"]
[Round "3"]
[White "Bea, Boglarka"]
[Black "Gal, Cintia"]
[Result "1-0"]
[WhiteElo "2124"]
[BlackElo "1657"]
[PlyCount "93"]
[EventDate "2011.06.27"]
[EventType "tourn"]
[EventRounds "7"]
[EventCountry "HUN"]
[SourceTitle "EXT 2012"]
[Source "ChessBase"]
[SourceDate "2011.11.24"]
[SourceVersion "1"]
[SourceVersionDate "2011.11.24"]
[SourceQuality "1"]

1. e4 e5 2. Nf3 Nc6 3. Bb5 a6 4. Ba4 Nf6 5. 0-0 b5 6. Bb3 d6 7. Ng5 d5 8. exd5 Nd4 9. Re1 Bd6 10. c3 Nxb3 11. axb3 0-0 12. c4 Nxd5 13. d4 Nf6 14. cxb5 exd4 15. h3 Bb7 16. bxa6 Bxa6 17. Na3 Bb7 18. Bd2 Bc5 19. b4 Bb6 20. Nf3 h6 21. Ne5 Qd5 22. Qf3 Ne4 23. Bf4 c5 24. Nec4 Ba7 25. b5 Rad8 26. Na5 Ng5 27. Bxg5 Qxf3 28. gxf3 hxg5 29. Nxb7 Rd7 30. Na5 d3 31. Rad1 Bb8 32. N3c4 Bf4 33. Ne5 Rd5 34. Nac6 Re8 35. Nc4 Rxe1+ 36. Rxe1 d2 37. Rd1 Kf8 38. Kf1 f6 39. Ke2 Rd7 40. b6 Ke8 41. N4a5 Rd6 42. b7 Re6+ 43. Kf1 Kd7 44. Rxd2+ Ke8 45. Rd8+ Kf7 46. b8Q Bxb8 47. Rxb8 1-0

[Event "HUN-ch U16 Girls"]
[Site "Budapest"]
[Date "2010.06.30"]
[Round "5"]
[White "Gal, Cintia"]
[Black "Kovacs, Klara"]
[Result "0-1"]
[WhiteElo "1697"]
[BlackElo "2223"]
[PlyCount "40"]
[EventDate "2010.06.26"]
[EventType "swiss"]
[EventRounds "9"]
[EventCountry "HUN"]
[SourceTitle "CBM 137 Extra"]
[Source "ChessBase"]
[SourceDate "2010.09.01"]
[SourceVersion "1"]
[SourceVersionDate "2010.09.01"]
[SourceQuality "1"]

1. e4 e5 2. Nf3 Nc6 3. Bb5 a6 4. Bxc6 dxc6 5. 0-0 Bg4 6. Re1 Qf6 7. Re3 0-0-0 8. Qf1 Ne7 9. Ne1 Ng6 10. h3 Be6 11. c3 Nf4 12. Nc2 Bc5 13. Rf3 Nxh3+ 14. Kh2 Nf4 15. d4 Qh4+ 16. Kg1 Bg4 17. dxc5 Bxf3 18. gxf3 Qg5+ 19. Kh1 Rd1 20. Bxf4 Rxf1+ 0-1

[Event "HUN-ch U16 Girls"]
[Site "Budapest"]
[Date "2010.06.27"]
[Round "2"]
[White "Gal, Cintia"]
[Black "Czinkoczky, Reka"]
[Result "1-0"]
[WhiteElo "1697"]
[BlackElo "1602"]
[PlyCount "177"]
[EventDate "2010.06.26"]
[EventType "swiss"]
[EventRounds "9"]
[EventCountry "HUN"]
[SourceTitle "CBM 137 Extra"]
[Source "ChessBase"]
[SourceDate "2010.09.01"]
[SourceVersion "1"]
[SourceVersionDate "2010.09.01"]
[SourceQuality "1"]

1. e4 e6 2. d4 d5 3. exd5 exd5 4. Nf3 Nf6 5. Bg5 Be7 6. Nc3 0-0 7. Bd3 Bg4 8. 0-0 Nbd7 9. Be2 c6 10. Qd3 Re8 11. a3 Qc7 12. Rfe1 Bd6 13. h3 Bh5 14. Nh4 Bxe2 15. Nxe2 Ne4 16. Be3 Nb6 17. b3 Nd7 18. Nf5 Bf8 19. Bf4 Qb6 20. Qf3 Ndf6 21. Be5 Qd8 22. Neg3 g6 23. Nxe4 Nxe4 24. Qf4 f6 25. Bc7 Qd7 26. Ne3 g5 27. Qh2 Bd6 28. Bxd6 Qxd6 29. Ng4 Qxh2+ 30. Kxh2 Kg7 31. f3 Nd6 32. c3 h5 33. Ne3 Nb5 34. c4 dxc4 35. Nxc4 Nxd4 36. Nd6 Re5 37. Nxb7 Nxb3 38. Rxe5 fxe5 39. Rb1 Nd4 40. Nc5 Rf8 41. Nd7 Re8 42. Rb7 Re7 43. Rxa7 Nb5 44. Rb7 Nxa3 45. Kg3 Nb5 46. Kf2 Nc3 47. Ke3 Nd5+ 48. Ke4 Nf6+ 49. Nxf6 Kxf6 50. Rb8 c5 51. Rc8 c4 52. Rxc4 Re6 53. Rc8 Re7 54. Rf8+ Kg6 55. Rf5 Ra7 56. Rxe5 Ra4+ 57. Ke3 Ra3+ 58. Kf2 Ra2+ 59. Re2 Ra6 60. Rd2 Rf6 61. Rd4 Ra6 62. g3 Ra2+ 63. Ke3 Ra3+ 64. Ke4 Ra6 65. h4 Re6+ 66. Kd3 Rf6 67. Ke3 Re6+ 68. Kf2 Rf6 69. Kg2 Ra6 70. Rd8 Ra2+ 71. Kh3 Ra5 72. Rd4 Rf5 73. Kg2 Rf6 74. hxg5 Kxg5 75. Rd5+ Kg6 76. f4 Rf5 77. Rxf5 Kxf5 78. Kh3 Kg6 79. Kh4 Kh6 80. f5 Kg7 81. Kxh5 Kf6 82. g4 Kg7 83. g5 Kf7 84. Kh6 Kg8 85. g6 Kh8 86. g7+ Kg8 87. f6 Kf7 88. Kh7 Kxf6 89. g8Q 1-0

[Event "HUN-ch U14 Girls"]
[Site "Balatonlelle"]
[Date "2009.07.05"]
[Round "9"]
[White "Gal, Cintia"]
[Black "Kabai, Zsuzsanna"]
[Result "0-1"]
[WhiteElo "1686"]
[BlackElo "1956"]
[PlyCount "100"]
[EventDate "2009.06.27"]
[EventType "swiss"]
[EventRounds "9"]
[EventCountry "HUN"]
[SourceTitle "EXT 2011"]
[Source "ChessBase"]
[SourceDate "2010.11.26"]
[SourceVersion "1"]
[SourceVersionDate "2010.11.26"]
[SourceQuality "1"]

1. e4 e6 2. d4 d5 3. exd5 exd5 4. Nc3 Nf6 5. Nf3 Bd6 6. Bg5 c6 7. Qe2+ Be6 8. 0-0-0 Nbd7 9. Ne5 Qc7 10. Bxf6 Nxf6 11. Re1 0-0-0 12. f4 Rde8 13. g3 h5 14. Bg2 Qb6 15. Qd3 g6 16. Rhf1 Bf5 17. Qd1 Re7 18. h3 Bb4 19. Re3 Rhe8 20. a3 Bd6 21. Rfe1 Qc7 22. Nxd5 Nxd5 23. Bxd5 Bxe5 24. fxe5 Bxh3 25. Rc3 Qd7 26. Qf3 Kb8 27. Bxc6 bxc6 28. Qxc6 Qxc6 29. Rxc6 Kb7 30. Rf6 Bf5 31. Kd2 Rd8 32. c3 Be6 33. Ke3 Kc6 34. c4 Kb7 35. b3 Rh8 36. Rd1 h4 37. gxh4 Rxh4 38. Rdf1 Bf5 39. b4 Re4+ 40. Kd3 R4xe5+ 41. Kd2 Re2+ 42. Kd1 Ra2 43. Rf4 Rxa3 44. d5 Rd3+ 45. Kc1 Re1+ 46. Kb2 Re2+ 47. Kc1 Ra3 48. Rxf7+ Kc8 49. Rf8+ Kd7 50. Kd1 Rh2 0-1

[Event "HUN-ch U14 Girls"]
[Site "Balatonlelle"]
[Date "2009.07.03"]
[Round "7"]
[White "Gal, Cintia"]
[Black "Szente Varga, Fruzsina"]
[Result "1/2-1/2"]
[WhiteElo "1686"]
[BlackElo "1800"]
[PlyCount "48"]
[EventDate "2009.06.27"]
[EventType "swiss"]
[EventRounds "9"]
[EventCountry "HUN"]
[SourceTitle "EXT 2011"]
[Source "ChessBase"]
[SourceDate "2010.11.26"]
[SourceVersion "1"]
[SourceVersionDate "2010.11.26"]
[SourceQuality "1"]

1. e4 c5 2. Nf3 e6 3. d4 cxd4 4. Nxd4 a6 5. Bd3 Qc7 6. 0-0 Nf6 7. c4 Be7 8. Nc3 0-0 9. Bg5 d6 10. Rc1 Nbd7 11. b3 b6 12. Kh1 Bb7 13. f3 Rac8 14. Qe2 h6 15. Be3 Rfd8 16. Rfd1 Nc5 17. Bb1 Qb8 18. b4 Ncd7 19. a3 Rc7 20. Bd3 Rdc8 21. Nb3 Ba8 22. Nb1 Ne5 23. N1d2 Rd7 24. Bb1 Rdc7 1/2-1/2

[Event "HUN-ch U14 Girls"]
[Site "Balatonlelle"]
[Date "2009.06.27"]
[Round "1"]
[White "Bea, Boglarka"]
[Black "Gal, Cintia"]
[Result "1-0"]
[WhiteElo "1901"]
[BlackElo "1686"]
[PlyCount "65"]
[EventDate "2009.06.27"]
[EventType "swiss"]
[EventRounds "9"]
[EventCountry "HUN"]
[SourceTitle "EXT 2011"]
[Source "ChessBase"]
[SourceDate "2010.11.26"]
[SourceVersion "1"]
[SourceVersionDate "2010.11.26"]
[SourceQuality "1"]

1. d4 d5 2. Nf3 Nc6 3. e3 e6 4. Bd3 Bd6 5. 0-0 Qf6 6. Re1 e5 7. e4 Bg4 8. Bb5 Kf8 9. Bxc6 bxc6 10. Nbd2 exd4 11. e5 Bxe5 12. Nxe5 Bf5 13. Ndf3 c5 14. Nd3 Bxd3 15. Qxd3 Ne7 16. Bg5 c4 17. Qa3 Qc6 18. Qxe7+ Kg8 19. Nxd4 Qd6 20. Qxd6 cxd6 21. Bf4 f6 22. Re7 Kf8 23. Rae1 h6 24. Bxd6 Kg8 25. Nf5 Rh7 26. Rd7 g6 27. Ne7+ Kh8 28. Nxg6+ Kg8 29. Ree7 Rxe7 30. Rxe7 Rd8 31. Bf4 Rf8 32. Nxf8 Kxf8 33. Rxa7 1-0